000 00419nam a2200181Ia 4500
001 1415
005 20260306143727.0
008 260306t1974||||xx |||||||||||||| ||spa||
041 _aESP
082 _a150.07
_bH41
100 _aHerrmann, T.
_eAUT
245 0 _aFundamentos de PsicologĂ­a
260 _c1974
300 _a172 páginas :
_c24 x 17 cm.
650 _aGEN
654 _aCPS
942 _cLIB
_dJUS
_fJUS
_2ddc
_n
999 _c1415
_d1415